000
00269nam a22001097a 4500
008
160425b xxu||||| |||| 00| 0 eng d
020
_a
0131133209
041
_a
eng
080
_a
618.2
245
_a
Child health nursing:
_c
Jane W. Ball; Ruth C. Bindler;
942
_2
udc
_c
BK
999
_c
1568
_d
1568